| 000 | 01003nam a2200289 u 4500 | ||
|---|---|---|---|
| 001 | 67251 | ||
| 005 | 20221207111401.0 | ||
| 008 | 170502s2010 xxu r 000 0 eng d | ||
| 020 | _a9781845457082 | ||
| 040 | _erda | ||
| 041 | 0 | _aeng | |
| 082 | 0 |
_a306.09 _bMAT |
|
| 100 | 1 |
_aMathews, Gordon, _eeditor _94301 |
|
| 245 | 1 | 0 |
_aPursuits of happiness : _bwell-being in anthropological perspective / _cEdited by Gordon Mathews and Carolina Izquierdo. |
| 250 | _aFirst edition | ||
| 264 | 1 |
_aUnited States of America : _bBerghahn Books, _c2010 |
|
| 300 |
_ax, 278 páginas ; _c23 cm. |
||
| 336 |
_atexto _2rdacontent _btxt |
||
| 337 |
_asin medio _2rdamedia _bn |
||
| 338 |
_avolumen _2rdacarrier _bnc |
||
| 650 | 4 |
_aCalidad de vida _xEstudios interculturales |
|
| 650 | 4 |
_aBienestar _xEstudios interculturales |
|
| 650 | 4 |
_aFelicidad _xEstudios interculturales |
|
| 650 | 4 |
_aAntropología _xFilosofía |
|
| 700 | 1 |
_aIzquierdo, Carolina, _eeditor _94302 |
|
| 999 |
_c67251 _d67251 |
||
| 942 |
_h306.09 _iMAT _cLI |
||